000 003210000a22001330004500
005 20120302062932.0
942 _cBOOK
100 _a
_a
_b
_c
245 _a ARADHANA
260 _aMUMBAI : CENTRALL CHINMAYA MISSION TRUST ,2001
300 _a59 P.
040 _aENG
650 _aSHANTIPATH / VEDIC ARATI / CODE OF CONDUCT
999 _c358082
_d358079